00954nam a2200229 a 450000100100000000500170001000800410002704000250006808200150009311000980010824501300020626001000033630000360043649000470047270000240051970000300054370000210057370000310059470000280062570000230065383000480067600002768820250607073643.0110404s1998 dr ac 000 0 spa d aDO-SdBNPbspacBNPHU axxxbR426s1 aRepública Dominicana. b Secretaria de Estado de Salud Pública y Asistencia Social (2001)10aSalud sexual y reproductiva. Cómo promocionar la salud /cAngela de León Navarro...[et. al]bcomó promocionar la salud. aSanto Domingo :bConsejo Nacional de Población y Familia -CONAPOFA-,bEl nuevo Diario,c1998. a100 p. :bil., retrs. ;c21 cm.1 aCuadernnos de población y familiavno. 21 aBonelly, Daniaeed.1 aLeón Navarro, Angela de1 aTerrero, Ángel1 aOrlando Jiménez, Ramón1 aRodríguez, Bienvenida1 aBergés, Virginia 0aCuadernos de población y familia ;vno. 2